Porovnanie úrovne vyrábaných výrobkov s domácou a zahraničnou konkurenciou metódami hodnotového inžinierstva : Diplomová práca

Enregistré dans:
Détails bibliographiques
Auteur principal: Antolová, Silvia (Auteur)
Autres auteurs: Horňák, František, 1969- (xxx)
Format: Manuscrit Livre
Langue:slovaque
Publié: Trnava : STU v Bratislave MtF KMK, 1997
Sujets:
Tags: Ajouter un tag
Pas de tags, Soyez le premier à ajouter un tag!

MARC

LEADER 00000ntm a22000003a 4500
001 stu57118
005 20160719155131.9
008 010227s1997----xo------------------slo-d
040 |a STU  |b slo 
041 0 |a slo 
044 |a xo 
100 1 |a Antolová, Silvia  |4 aut 
245 1 |a Porovnanie úrovne vyrábaných výrobkov s domácou a zahraničnou konkurenciou metódami hodnotového inžinierstva :  |b Diplomová práca 
260 |a Trnava :  |b STU v Bratislave MtF KMK,  |c 1997 
300 |a 50 s  |c výťah 
650 7 |a inžinierstvo hodnotové-konkurencieschopnosť výrobkov  |2 stusub 
650 7 |a manažment priemyselných podnikov  |2 stusub 
700 1 |a Horňák, František,  |d 1969-  |4 xxx  |u M4000  |U MTF Materiálovotechnologická fakulta  |T MTF Ústav priemyselného inžinierstva a manažmentu  |X 1533  |U M4000  |Y 84  |7 1533 
996 |b 284M024009  |c M*DP-697  |l MMSKP  |s P  |a 0  |w stu57118_0001